000
00322nam a2200133Ia 4500
005
20251222140051.0
008
251222s1900||||xx |||||||||||||| ||spa||
020
_a
884017012X
082
_a
170/V45/1999
100
_a
Vendemiatri, Aldo
245
0
_a
In Prima Persona.
264
_b
Urbaniana University Press
942
_c
LIB
999
_c
3588
_d
3588